000
00206 a2200097 4500
020
_a
9781603963442
041
_a
spa
100
_a
Perez eladio luis
245
_a
7 Anos secuestrado por las farc
942
_c
BK
999
_c
10775
_d
10775